Biblioteca y Centro de Documentación

Relaciones interpersonales, diversidad del grupo y diversidad individual (Registro nro. 28940)

Detalles MARC
000 -CABECERA
Longitud fija campo de control 01082naa a2200325 c 4500
001 - NÚMERO DE CONTROL
Número de control 28940
003 - IDENTIFICADOR DE NÚMERO DE CONTROL
Identificador del número de control ES-MaCES
005 - FECHA Y HORA DE LA ÚLTIMA TRANSACCIÓN
Fecha y hora de la última transacción 19981124143700.0
008 - CAMPO FIJO DE DESCRIPCIÓN FIJA--INFORMACIÓN GENERAL
Códigos de información de longitud fija   960416n1994 sp ||| | spa d
035 ## - NÚMERO DE CONTROL DEL SISTEMA
Número de control del sistema CES19980028819v
040 ## - FUENTE DE CATALOGACIÓN
Centro catalogador de origen ES-MaCES
Lengua de catalogación spa
Centro transcriptor ES-MaCES
100 1# - ENCABEZAMIENTO PRINCIPAL--NOMBRE PERSONAL
Nombre de persona Dolors Busquets, María
9 (RLIN) 10851
245 10 - MENCIÓN DE TÍTULO
Título Relaciones interpersonales, diversidad del grupo y diversidad individual
Mención de responsabilidad, etc. María Dolors Busquets, Aurora Leal
504 ## - NOTA DE BIBLIOGRAFÍA, ETC.
Nota de bibliografía, etc. Bibliografía: p. 230
650 #4 - ASIENTO SECUNDARIO DE MATERIA--TÉRMINO DE MATERIA
Término de materia o nombre geográfico como elemento inicial psicología social
9 (RLIN) 27255
650 #4 - ASIENTO SECUNDARIO DE MATERIA--TÉRMINO DE MATERIA
Término de materia o nombre geográfico como elemento inicial niños
9 (RLIN) 28517
650 #4 - ASIENTO SECUNDARIO DE MATERIA--TÉRMINO DE MATERIA
Término de materia o nombre geográfico como elemento inicial adaptación social
9 (RLIN) 27281
650 #4 - ASIENTO SECUNDARIO DE MATERIA--TÉRMINO DE MATERIA
Término de materia o nombre geográfico como elemento inicial integración social
9 (RLIN) 27283
650 #4 - ASIENTO SECUNDARIO DE MATERIA--TÉRMINO DE MATERIA
Término de materia o nombre geográfico como elemento inicial discriminación
9 (RLIN) 27180
650 #4 - ASIENTO SECUNDARIO DE MATERIA--TÉRMINO DE MATERIA
Término de materia o nombre geográfico como elemento inicial comportamiento
9 (RLIN) 27271
650 #4 - ASIENTO SECUNDARIO DE MATERIA--TÉRMINO DE MATERIA
Término de materia o nombre geográfico como elemento inicial actitud
9 (RLIN) 26696
650 #4 - ASIENTO SECUNDARIO DE MATERIA--TÉRMINO DE MATERIA
Término de materia o nombre geográfico como elemento inicial individuo
9 (RLIN) 27268
650 #4 - ASIENTO SECUNDARIO DE MATERIA--TÉRMINO DE MATERIA
Término de materia o nombre geográfico como elemento inicial grupo
9 (RLIN) 27309
653 10 - TÉRMINO DE INDEXACIÓN--NO CONTROLADO
Término no controlado Ciencias Sociales-Políticas
700 1# - ENCABEZAMIENTO SECUNDARIO--NOMBRE PERSONAL
Nombre de persona Leal, Aurora
9 (RLIN) 16327
773 0# - ENTRADA DE DOCUMENTO FUENTE
Título Infancia y sociedad
Parte(s) relacionada(s) Madrid. - N. 27-28 (1994) ; p. 217-231
Número de control del registro relacionado (ES-MaCES)25180
902 ## - CES. TIPO DE DOCUMENTO
Tipodoc (006$c Sirtex) ART Artículo de revista
942 ## - ELEMENTOS KOHA
Fuente de clasificaión o esquema Clasificación propia del CES
Koha [por defecto] tipo de item Artículos (1982-2017)
Parte de clasificación 7.0.

No hay ítems disponibles.

© CES, Consejo Económico y Social de España 2021